[Event "Crema op 12th"]
[Site "Crema "]
[Date "2010.09.05"]
[Round "1"]
[White "Molteni, Diego"]
[Black "Guzzetti, Luigi Enrico"]
[Result "0-1"]
[WhiteElo "1527"]
[BlackElo "1878"]
[PlyCount "82"]
[EventDate "2010.09.05"]
[EventType "swiss"]
[EventRounds "6"]
[EventCountry "ITA"]
[SourceTitle "EXT 2012"]
[Source "ChessBase"]
[SourceDate "2011.11.24"]
[SourceVersion "1"]
[SourceVersionDate "2011.11.24"]
[SourceQuality "1"]

1. d4 Nf6 2. c4 g6 3. Nc3 Bg7 4. e4 d6 5. Be2 0-0 6. Nf3 c5 7. d5 e6 8. 0-0 exd5 9. exd5 Bg4 10. h3 Bxf3 11. Bxf3 Nbd7 12. Bf4 Nb6 13. Qb3 a6 14. Rae1 Qc7 15. Re2 Nfd7 16. Rfe1 Ne5 17. Bxe5 Bxe5 18. g3 Nd7 19. Bg2 Rfe8 20. Kh1 Kf8 21. f4 Bd4 22. Ne4 h6 23. h4 f5 24. Nd2 Rxe2 25. Rxe2 Re8 26. Rxe8+ Kxe8 27. Nf3 Nf6 28. Nxd4 cxd4 29. Qd3 Qc5 30. Qe2+ Kd8 31. Qe6 Ng4 32. Bf3 Ne3 33. Qf6+ Kc7 34. Qe7+ Kb8 35. b3 d3 36. b4 Qd4 37. Qxd6+ Ka7 38. a3 d2 39. c5 d1Q+ 40. Bxd1 Qxd1+ 41. Kh2 Qe2+ 0-1